00330nam a2200133Ia 4500008004100000100002400041245004500065260001800110260000900128300000800137546001200145690002200157999001700179170620s9999 xx 000 0 und d aCHATWAL - GURDEEP R 0aINSTRUMENTAL METHOD OF CHEMICAL ANALYSIS bHIMALYA DELHI c2007 a278 aEnglish aCHEMICAL ANALYSIS c30959d30959